Medéia (Record no. 56834)

MARC details
000 -LÍDER
campo de controle de tamanho fixo 00332 a2200169 4500
001 - NÚMERO DE CONTROLE
campo de controle 56834
020 ## - ISBN - INTERNATIONAL STANDARD BOOK NUMBER
ISBN - International Standard Book Number 8532252427
040 ## - FONTE DA CATALOGAÇÃO
Instituição que transcreveu o registro Anchieta - Pituba
100 ## - ENTRADA PRINCIPAL--NOME PESSOAL
Nome pessoal Galdino, Luiz
240 10 - TÍTULO UNIFORME
Título uniforme Medéia
Idioma da obra por
245 10 - TÍTULO
Título Medéia
300 ## - DESCRIÇÃO FÍSICA
Extensão 112
362 0# - DATAS DE PUBLICAÇÃO E/OU DESIGNAÇÃO SEQUENCIAL
Datas de publicação e/ou designação sequencial 2005
440 #1 - DECLARAÇÃO DE SÉRIE/ENTRADA ADICIONADA--TÍTULO
Título FTD
650 #4 - ASSUNTO--TERMO TÓPICO
Cabeçalho tópico ou nome geográfico Literatura juvenil
942 ## - ELEMENTOS DE ENTRADA ADICIONADOS (KOHA)
Tipo de material Koha Livros
Holdings
Situação do descarte Situação das perdas Situação física Não pode ser emprestado Biblioteca de origem Biblioteca atual Data de aquisição Total de empréstimos Número de chamada completo Código de barras Data de último acesso Data do preço efetivo Tipo de material Koha Fonte da classificação ou esquema de arquivamento na estante Número do exemplar
        Colégio Anchieta - Pituba Colégio Anchieta - Pituba 21/11/2023   LJ 028.5 G149m GAL MED 6511/PIT 21/11/2023 21/11/2023 Livros    
        Colégio Anchieta - Pituba Colégio Anchieta - Pituba 21/11/2023   LJ 028.5 G149m GAL MED 6512/PIT 21/11/2023 21/11/2023 Livros    
        Colégio Anchieta - Pituba Colégio Anchieta - Pituba 21/11/2023   LJ 028.5 G149m GAL MED 6513/PIT 21/11/2023 21/11/2023 Livros    
        Domus - Itaim Bibi Domus - Itaim Bibi 21/05/2024   790 G149m 9788563220554 21/05/2024 21/05/2024 Livros Classificação Decimal de Dewey  
        Portinari - Salvador Portinari - Salvador 05/08/2024   028.5 G149m 7063/CCP 05/08/2024 05/08/2024 Livros   Ex. 1